000 00367nam a2200157Ia 4500
001 12160
003 GE_BSU
008 181216s||||||||xx |||||||||||||| ||und||
040 _cGE_BSU
245 4 _aThe Economist, october 11th-17th 2014.
245 _bvolume 413 number 8908
260 _c2014
300 _a78გვ;29სმ.
653 _aThe Economist
942 _cCR
999 _c45336
_d45336